Secondary metabolites of the fungus Trichoderma viride and its brown mutant M-108

Bibliographic Details
Main Author: Pavlovičová, Renáta (Author)
Format: Article
Language:Slovak
English
PhysicalDescription:Obr., sch.
ISSN:0006-3088
Subjects:

MARC

LEADER 00000nab a2200000 a 4500
001 vtls000687842
003 SK-MaSNL
005 20260304101802.0
008 250426c1998 xo 0 slo
015 |a SNBRB1999/03-05261 
035 |a CLN000040009 
035 |a urn:nbn:sk:snk-abbsjm 
035 |a (urnnbn)urn:nbn:sk:snk:ar-002o6t 
035 |a (uuid)b6a065c4-87cf-4d71-8c8f-5ad8281c75db 
040 |a SNKBUCL  |b slo  |c SNKBUCL  |e AACR2 
041 0 |a eng 
044 |a xo  |c SK 
080 |a 582.273:613.165:576.224.4  |2 1997 
100 1 |a Pavlovičová, Renáta  |4 aut  |9 809259 
245 1 0 |a Secondary metabolites of the fungus Trichoderma viride and its brown mutant M-108  |c Renáta Pavlovičová 
300 |b Obr., sch. 
504 |a Bibliogr. odkazy 
504 |a Res. angl. 
650 0 7 |a Trichoderma viride  |2 SNK  |9 1397842 
650 0 7 |a Fungy  |2 SNKPHeng  |9 1397843 
650 0 7 |a huby  |2 SNKPH  |9 3562 
650 0 7 |a Antraquinones  |2 SNKPHeng  |9 1397844 
650 0 7 |a mutagény  |2 SNKPH  |9 20389 
650 0 7 |a Mutagens  |2 SNKPHeng  |9 511276 
650 0 7 |a ionizujúce žiarenie  |2 SNKPH  |9 13727 
650 0 7 |a Ionizing radiation  |2 SNKPHeng  |9 329422 
650 0 7 |a antrachinóny  |2 SNK  |9 1367299 
650 0 7 |a rastové látky  |2 SNK  |9 1397845 
650 0 7 |a pigmenty  |2 SNKPH  |9 16264 
650 0 7 |a vitamíny  |2 SNKPH  |9 2616 
650 0 7 |a Growth substances  |2 SNKPHeng  |9 1397846 
650 0 7 |a Pigments  |2 SNKPHeng  |9 352162 
650 0 7 |a Vitamins  |2 SNKPHeng  |9 413674 
655 7 |a články z novín a časopisov  |2 SNK  |9 267496 
773 0 |t Biologia  |g Roč. 53, č. 3 (1998), s. 267-275.  |x 0006-3088 
850 |a Slovenská národná knižnica 
852 |a Slovenská národná knižnica 
954 |a odborná, vedecká literatúra pôvodná (slovenská)  |2 lita 
958 |a article15 
958 |a NB 
958 |a OND 
958 |a EUIPO 
992 |a RBX 
999 |c 2842641  |d 2844571